Normal view
MARC view
- McLaren, Peter,
Entry Nombre Personal
001 - NUMERO DE CONTROL
- campo de control: 27915
003 - IDENTIFICADOR DE NUMERO DE CONTROL
- campo de control: UPN
005 - FECHA Y HORA DE LA ÜLTIMA TRANSACCIÓN
- campo de control: 20250924125601.0
008 - DATOS DE LONGITUD FIJA
- campo de control de longitud fija: nabaccnnaabn|||||||||| b |nc|||||d
024 7# - OTROS IDENTIFICADORES NORMALIZADOS
- Fuente: orcid
- Número normalizado o código: https://orcid.org/0009-0004-3974-379X
035 ## - NUMERO DE CONTROL
- Número de control: UPN11000000021
040 ## - FUENTE DE CATALOGACIÓN
- Lenguaje de catalogación: SPA
- Agencia de transcripción: UPN
100 1# - ENCABEZAMIENTO - NOMBRE PERSONAL
- Nombre personal: McLaren, Peter,
- Fechas asociadas con el nombre: 1948-
370 ## - LUGAR ASOCIADO
- Associated country: Estados Unidos
371 ## - DIRECCIÓN
- Electronic mail address: peter.mclaren1@gmail.com
373 ## - GRUPO ASOCIADO
- Associated group: Universidad de California en Los Ángeles
374 ## - OCUPACIÓN
- Occupation: Docencia e investigación universitaria
670 ## - FUENTE EN LA QUE SE LOCALIZARON DATOS
- Cita de la fuente: LC
680 ## - NOTA PUBLICA DE ACCESO PÚBLICO
- Frase explicativa de la referencia: Pedagogo canadiense
902 ## - CATALOGADOR
- Catalogador: BDV/210906
902 ## - CATALOGADOR
- Catalogador: Leonor Sotres/260925
